1835 1788 1628 1064 1492 1577 1321 1779 1318 1621 1192 1342 1776 1436 1091 1408 1722 1303 1801 1279 1247 1186 1061 1779 1752 1033 1661 1307 1402 1019 1649 1419 1624 1720 1090 1718 1857 1905 1869 1297 1084 1565 1707 1182 1614 1602 1630 1634 1743 1680 1354 1169 1301 1128 1759 1791 1757 1589 1228 1571 1973 1105 1193 1857 1093 1769 1934 1657 1012 1406 1210 1614 1553 1429 1974 1623 1174 1549 1468 1303 1942 1007 1010 1111 1450 1795 1714 1628 1612 1047 1058 1531 1399 1600 1485 1427 1976 1302 1100 BCNSPRNW ULIB Ver.6.0+V

เปลี่ยนเป็นภาษาไทย

Change to English
 แสดงรายละเอียดบรรณานุกรม
  กลับหน้าหลัก

Brief Record : Get Marc (ISO 2709) : E-mail record : QR code < ปิดหน้าต่าง
LEADER : 00000nam 2200000uu 4500
001    13399121005
003     ULIB
008    121030s2544||||th 000 0 tha d
020    ^a9747854791(2544)
050 04 ^aHN700.592.R8^bห199
245 10 ^aหมู่บ้านชนบทไทย ปี 2544 จากข้อมูลพื้นฐานระดับหมู่บ้าน (กชช.2 ค) /^cศูนย์ข้อมูลเพื่อการพัฒนาชนบทกระทรวงมหาดไทย กองวิชาการและแผนงาน กรมการพัฒนาชุมชน
260    ^aกรุงเทพฯ :^bกรมการพัฒนาชุมชน. ศูนย์ข้อมูลเพื่อการพัฒนาชนบท,^c2544
300    ^a412 :^bภาพประกอบ ;^c30 ซม
310    ^aราย 2 ปี
650  7 ^aการพัฒนาชนบท^zไทย
650  7 ^aหมู่บ้าน^zไทย
651  7 ^aไทย^xภาวะชนบท
710 2  ^aศูนย์ข้อมูลเพื่อการพัฒนาชนบทกระทรวงมหาดไทย
740 0  ^aข้อมูลพื้นฐานระดับหมู่บ้าน (กชช. 2 ค)
945    ^p0^l0^i11690
995    ^aทศพร
999    ^aทศพร เกษรทอง
รายการนี้ยังไม่มีแท็ก
คุณยังไม่ได้ล็อกอิน คุณสามารถมีกิจกรรมร่วมกับเว็บไซต์ได้ แต่ต้องล็อกอินก่อน ::
  ล็อกอิน

รายการสื่อสารสนเทศ

ลำดับที่ ประเภท เลขเรียก/บาร์โค้ด สถานที่ สถานะ
1. วิทยาศาสตร์การแพทย์ และสุขภาพ
วิทยาศาสตร์การแพทย์ และสุขภาพ
HN700.592.R8 ห199 ฉ.1 
  Barcode: 11690
ห้องสมุดวิทยาเขตสวรรค์ประชารักษ์
►หนังสือทั่วไป
บนชั้น

BibComment


ยังไม่เคยถูกคอมเมนท์

คอมเมนท์ทรัพยากรรายการนี้
  คอมเมนท์: หมู่บ้านชนบทไทย ..


 Copyright 2026. Bcnsprnw @Library